Las Crónicas de Narnia
Saved in:
| 主要作者: | |
|---|---|
| 格式: | 圖書 |
| 語言: | 西班牙语 |
| 出版: |
Santiago
Andres Bello
1998
|
| 版: | 7a. ed |
| 主題: | |
| 標簽: |
添加標簽
沒有標簽, 成為第一個標記此記錄!
|
MARC
| LEADER | 00000nam a2200000 a 4500 | ||
|---|---|---|---|
| 001 | UCH8460 | ||
| 003 | CL-VaPUC | ||
| 005 | 20220913074552.0 | ||
| 008 | 091127e19980000CL |||||||||||||||||spa|d | ||
| 999 | |c 338672 |d 338670 | ||
| 020 | |a 9561308150 v.2 | ||
| 040 | |c Pontificia Universidad Católica de Valparaíso | ||
| 082 | 0 | 4 | |a 823 |b LEW |2 21 |
| 100 | |a Lewis, C. S |e author |9 328236 | ||
| 245 | 1 | 4 | |a Las Crónicas de Narnia |
| 246 | 1 | 3 | |a El principe Caspian |
| 250 | |a 7a. ed | ||
| 260 | |a Santiago |b Andres Bello |c 1998 | ||
| 300 | |a v | ||
| 500 | |a v.2: Libro II El principe Caspian | ||
| 583 | |a last modification |c 20091127 00:00:00 |k Rodrigo Vera | ||
| 650 | 0 | |a Literatura |9 259151 | |
| 650 | 0 | |a Literatura inglesa |9 312907 | |
| 650 | 0 | |a Escritores ingleses |9 389424 | |
| 650 | 0 | |a Cuentos ingleses |9 265135 | |
| 650 | 0 | |a Cuentos infantiles |9 308044 | |
| 650 | 0 | |a Lectura |9 307634 | |
| 650 | 0 | |a Ficción |9 376687 | |
| 651 | 0 | |a Inglaterra |9 255158 | |
| 942 | |c BK |2 ddc | ||
| 945 | |d 20091127 00:00:00 | ||